Tâm lí học đại cương

Những vấn đề chung của khoa học tâm lý, cơ sở tự nhiên và xã hội của tâm lí người, sự hình thành và phát triển của tâm lý, ý thức; nhận thức và sự học; nhân cách và sự hình thành nhân cách......

ver descrição completa

Na minha lista:
Detalhes bibliográficos
Autor principal: Nguyễn, Quang Uẩn
Outros Autores: Trần Hữu Luyến, Trần Quốc Thành
Formato: Livro
Publicado em: H. Đại học Quốc gia 2005
Edição:In lần thứ 13
Assuntos:
Tags: Adicionar Tag
Sem tags, seja o primeiro a adicionar uma tag!
Thư viện lưu trữ: Trung tâm Học liệu Lê Vũ Hùng, Trường Đại học Đồng Tháp
LEADER 01208pam a22002658a 4500
001 00022177
005 20180131090144.0
008 110528s2005 ||||||Viesd
020 # # |c 17800 
041 0 # |a Vie 
082 1 4 |a 150  |b T120L 
100 0 # |a Nguyễn, Quang Uẩn 
245 0 0 |a Tâm lí học đại cương  |c Nguyễn Quang Uẩn, Trần Hữu Luyến, Trần Quốc Thành 
250 # # |a In lần thứ 13 
260 # # |a H.  |b Đại học Quốc gia  |c 2005 
300 # # |a 199 tr.  |c 21 cm. 
520 3 # |a Những vấn đề chung của khoa học tâm lý, cơ sở tự nhiên và xã hội của tâm lí người, sự hình thành và phát triển của tâm lý, ý thức; nhận thức và sự học; nhân cách và sự hình thành nhân cách... 
653 # # |a Tâm lý học 
653 # # |a Đại cương 
700 0 # |a Trần Hữu Luyến 
700 0 # |a Trần Quốc Thành 
852 # # |b Kho đọc  |j KD.0009003 
852 # # |j KD.0009003  |j KGT.0053507 
910 0 # |a Đức  |e dtchanh  |f 31/01/2018  |d 28/05/2011 
980 # # |a Trung tâm Học liệu Lê Vũ Hùng, Trường Đại học Đồng Tháp